Thailand : Selected Issues.

This Selected Issues paper reviews the aggregate balance-sheet analysis that describes the improvement in Thailand's overall balance sheet since the crisis, and also highlights the potential vulnerabilities. It assesses the public debt and contingent liabilities, and developments in the banking...

תיאור מלא

מידע ביבליוגרפי
מחבר תאגידי: International Monetary Fund
פורמט: כתב-עת
שפה:English
יצא לאור: Washington, D.C. : International Monetary Fund, 2004.
סדרה:IMF Staff Country Reports; Country Report ; No. 2004/001
גישה מקוונת:Full text available on IMF
LEADER 01679cas a2200241 a 4500
001 AALejournalIMF008568
008 230101c9999 xx r poo 0 0eng d
020 |c 5.00 USD 
020 |z 9781451836806 
022 |a 1934-7685 
040 |a BD-DhAAL  |c BD-DhAAL 
110 2 |a International Monetary Fund. 
245 1 0 |a Thailand :   |b Selected Issues. 
264 1 |a Washington, D.C. :  |b International Monetary Fund,  |c 2004. 
300 |a 1 online resource (56 pages) 
490 1 |a IMF Staff Country Reports 
500 |a <strong>Off-Campus Access:</strong> No User ID or Password Required 
500 |a <strong>On-Campus Access:</strong> No User ID or Password Required 
506 |a Electronic access restricted to authorized BRAC University faculty, staff and students 
520 3 |a This Selected Issues paper reviews the aggregate balance-sheet analysis that describes the improvement in Thailand's overall balance sheet since the crisis, and also highlights the potential vulnerabilities. It assesses the public debt and contingent liabilities, and developments in the banking sector. It discusses the operations of Specialized Financial Institutions and related regulatory issues, the financial and corporate sector restructuring, and also presents an overview of developments in nonperforming loans and assets. It reviews the growth without credit feature of Thailand, which explains how firms have financed their operations after the crisis. 
538 |a Mode of access: Internet 
830 0 |a IMF Staff Country Reports; Country Report ;  |v No. 2004/001 
856 4 0 |z Full text available on IMF  |u http://elibrary.imf.org/view/journals/002/2004/001/002.2004.issue-001-en.xml  |z IMF e-Library